[Event "Hamburg-chT Landesliga 1920"]
[Site "Hamburg"]
[Date "2021.08.22"]
[Round "9.37"]
[White "Johannsen, Dennis"]
[Black "Winter, Markus"]
[Result "1/2-1/2"]
[WhiteElo "2126"]
[BlackElo "1997"]
[PlyCount "44"]
[EventDate "2019.09.29"]
[EventType "team-tourn"]
[EventRounds "9"]
[EventCountry "GER"]
[SourceTitle "EXT 2023"]
[Source "ChessBase"]
[SourceDate "2022.10.05"]
[SourceVersion "1"]
[SourceVersionDate "2022.10.05"]
[SourceQuality "1"]
[WhiteTeam "Johanneum Eppendorf"]
[BlackTeam "Eimsbuettel Union"]
[WhiteTeamCountry "GER"]
[BlackTeamCountry "GER"]

1. c4 Nf6 2. Nf3 e6 3. Nc3 d5 4. cxd5 exd5 5. d4 c6 6. Bf4 Bd6 7. Bg3 Bxg3 8. hxg3 Bf5 9. e3 Nbd7 10. Bd3 Bxd3 11. Qxd3 Qe7 12. Rh4 h6 13. 0-0-0 0-0-0 14. Rdh1 Rhe8 15. Nd2 Kb8 16. Kb1 a6 17. Rc1 c5 18. dxc5 Nxc5 19. Qf5 g6 20. Qc2 h5 21. Rd4 Ne6 22. Rd3 Nc5 1/2-1/2

[Event "Blankenese op 1st"]
[Site "Hamburg"]
[Date "2017.10.03"]
[Round "5.14"]
[White "Winter, Markus"]
[Black "Kurzynsky, Mirko"]
[Result "1/2-1/2"]
[WhiteElo "2034"]
[BlackElo "1938"]
[PlyCount "57"]
[EventDate "2017.09.30"]
[EventType "swiss"]
[EventRounds "7"]
[EventCountry "GER"]
[SourceTitle "EXT 2020"]
[Source "ChessBase"]
[SourceDate "2019.10.17"]
[SourceVersion "1"]
[SourceVersionDate "2019.10.17"]
[SourceQuality "1"]

1. d4 Nf6 2. Nf3 g6 3. Bf4 Bg7 4. e3 b6 5. Be2 Bb7 6. Nbd2 0-0 7. c3 d6 8. h3 Nbd7 9. 0-0 c5 10. a4 cxd4 11. exd4 a6 12. Re1 Re8 13. Qb3 Nd5 14. Bh2 Bh6 15. Bf1 Qc7 16. Ne4 N7f6 17. Neg5 e6 18. c4 Ne7 19. c5 bxc5 20. dxc5 Qxc5 21. Nxe6 Qc8 22. Neg5 Bd5 23. Qb4 Bg7 24. Nd2 Rb8 25. Qxd6 Rxb2 26. Rac1 Nf5 27. Qa3 Rc2 28. Rxe8+ Nxe8 29. Rxc2 1/2-1/2

[Event "Pinneberg-ch"]
[Site "Pinneberg"]
[Date "2010.10.07"]
[Round "7"]
[White "Winter, Markus"]
[Black "Kuhn, Gerd"]
[Result "1/2-1/2"]
[WhiteElo "1917"]
[BlackElo "2145"]
[PlyCount "44"]
[EventDate "2010.08.26"]
[EventType "swiss"]
[EventRounds "7"]
[EventCountry "GER"]
[SourceTitle "EXT 2011"]
[Source "ChessBase"]
[SourceDate "2010.11.26"]
[SourceVersion "1"]
[SourceVersionDate "2010.11.26"]
[SourceQuality "1"]

1. e4 e6 2. d4 d5 3. exd5 exd5 4. Nf3 Bd6 5. c4 c6 6. Nc3 Ne7 7. Bg5 f6 8. Bh4 0-0 9. Bd3 dxc4 10. Bxc4+ Kh8 11. 0-0 Bg4 12. Bg3 Bxg3 13. hxg3 Nd7 14. Re1 Nb6 15. Bb3 Nbd5 16. Qd3 Bf5 17. Qe2 h6 18. Nh4 Bh7 19. Bc2 f5 20. Nxd5 Nxd5 21. Qh5 Qg5 22. Qxg5 hxg5 1/2-1/2

[Event "Pinneberg-ch"]
[Site "Pinneberg"]
[Date "2010.09.23"]
[Round "5"]
[White "Dumjahn, Carsten"]
[Black "Winter, Markus"]
[Result "1/2-1/2"]
[WhiteElo "2119"]
[BlackElo "1917"]
[PlyCount "50"]
[EventDate "2010.08.26"]
[EventType "swiss"]
[EventRounds "7"]
[EventCountry "GER"]
[SourceTitle "EXT 2011"]
[Source "ChessBase"]
[SourceDate "2010.11.26"]
[SourceVersion "1"]
[SourceVersionDate "2010.11.26"]
[SourceQuality "1"]

1. e4 d6 2. d4 Nf6 3. Nc3 g6 4. Bg5 Bg7 5. Bd3 0-0 6. f4 h6 7. Bh4 c5 8. d5 a6 9. a4 Qb6 10. Nge2 Ng4 11. Qd2 Nd7 12. a5 Qc7 13. h3 Ngf6 14. b3 b5 15. axb6 Nxb6 16. 0-0 c4 17. bxc4 Nxc4 18. Bxc4 Qxc4 19. Ra4 Qc7 20. Bf2 Bd7 21. Ra2 Rfc8 22. Bd4 Qc4 23. Rfa1 Nh5 24. Bxg7 Kxg7 25. g4 Ng3 1/2-1/2

[Event "Pinneberg-ch"]
[Site "Pinneberg"]
[Date "2010.08.26"]
[Round "1"]
[White "Hotze, Kurt"]
[Black "Winter, Markus"]
[Result "0-1"]
[WhiteElo "1561"]
[BlackElo "1917"]
[PlyCount "63"]
[EventDate "2010.08.26"]
[EventType "swiss"]
[EventRounds "7"]
[EventCountry "GER"]
[SourceTitle "EXT 2011"]
[Source "ChessBase"]
[SourceDate "2010.11.26"]
[SourceVersion "1"]
[SourceVersionDate "2010.11.26"]
[SourceQuality "1"]

1. e4 c6 2. d4 d5 3. Nc3 dxe4 4. Nxe4 Bf5 5. Ng3 Bg6 6. Nf3 Nd7 7. Bc4 e6 8. Be3 Ngf6 9. 0-0 Qc7 10. Bb3 Bd6 11. c4 Ng4 12. Bc1 0-0-0 13. c5 Bxg3 14. hxg3 Nxc5 15. Bc4 b5 16. Bf4 e5 17. Nxe5 Nxe5 18. Bxb5 Qb6 19. Be2 Ncd3 20. Be3 Nxb2 21. Qc1 Ned3 22. Qc3 Na4 23. Qc4 Ndb2 24. Qa6+ Qxa6 25. Bxa6+ Kc7 26. Rac1 Bd3 27. Bxd3 Nxd3 28. Rc4 Nb6 29. Rc3 Nb4 30. Rfc1 N6d5 31. Rc5 Nxe3 32. fxe3 0-1

[Event "Pinneberg-ch"]
[Site "Pinneberg"]
[Date "2009.09.18"]
[Round "4"]
[White "Winter, Markus"]
[Black "Hadlich, Winfried"]
[Result "1/2-1/2"]
[WhiteElo "1963"]
[BlackElo "1988"]
[PlyCount "48"]
[EventDate "2009.08.27"]
[EventType "swiss"]
[EventRounds "7"]
[EventCountry "GER"]
[SourceTitle "EXT 2012"]
[Source "ChessBase"]
[SourceDate "2011.11.24"]
[SourceVersion "1"]
[SourceVersionDate "2011.11.24"]
[SourceQuality "1"]

1. d4 Nf6 2. c4 e6 3. Nc3 d5 4. Bg5 Be7 5. e3 Nbd7 6. Nf3 c6 7. Rc1 Ne4 8. Bxe7 Nxc3 9. Rxc3 Qxe7 10. Be2 0-0 11. 0-0 dxc4 12. Rxc4 e5 13. dxe5 Nxe5 14. Nxe5 Qxe5 15. Qd4 Qxd4 16. Rxd4 Be6 17. a3 Rad8 18. Rfd1 Rxd4 19. Rxd4 Re8 20. Bf3 Kf8 21. Kf1 Ke7 22. Ke2 Rd8 23. Rxd8 Kxd8 24. Kd3 Kd7 1/2-1/2

[Event "Pinneberg-ch"]
[Site "Pinneberg"]
[Date "2009.08.27"]
[Round "1"]
[White "Winter, Markus"]
[Black "Bongartz, Florian"]
[Result "1-0"]
[WhiteElo "1963"]
[BlackElo "1664"]
[PlyCount "41"]
[EventDate "2009.08.27"]
[EventType "swiss"]
[EventRounds "7"]
[EventCountry "GER"]
[SourceTitle "EXT 2012"]
[Source "ChessBase"]
[SourceDate "2011.11.24"]
[SourceVersion "1"]
[SourceVersionDate "2011.11.24"]
[SourceQuality "1"]

1. d4 f5 2. e4 fxe4 3. Nc3 Nf6 4. f3 d5 5. Bg5 Nc6 6. Bb5 exf3 7. Nxf3 Bg4 8. h3 Bf5 9. Ne5 Qd6 10. 0-0 g6 11. Qe2 Bg7 12. g4 Be4 13. Bf4 Qe6 14. g5 Nd7 15. Nxe4 Ncxe5 16. Nf2 Qf5 17. Bxe5 Qxg5+ 18. Qg4 Qxg4+ 19. Nxg4 Bxe5 20. Bxd7+ Kxd7 21. Nxe5+ 1-0

[Event "Pinneberg-ch"]
[Site "Pinneberg"]
[Date "2008.10.02"]
[Round "6"]
[White "Krotofil, Kurt"]
[Black "Winter, Markus"]
[Result "1/2-1/2"]
[WhiteElo "2014"]
[BlackElo "1992"]
[PlyCount "52"]
[EventDate "2008.08.28"]
[EventType "swiss"]
[EventRounds "7"]
[EventCountry "GER"]
[SourceTitle "EXT 2011"]
[Source "ChessBase"]
[SourceDate "2010.11.26"]
[SourceVersion "1"]
[SourceVersionDate "2010.11.26"]
[SourceQuality "1"]

1. d4 d5 2. c4 c6 3. Nf3 Nf6 4. e3 e6 5. Nc3 Nbd7 6. Bd3 dxc4 7. Bxc4 b5 8. Bd3 a6 9. e4 c5 10. e5 cxd4 11. Nxb5 Nxe5 12. Nxe5 axb5 13. Bxb5+ Bd7 14. Nxd7 Nxd7 15. 0-0 Bc5 16. Bf4 0-0 17. Qe2 Nb6 18. Rfc1 Bd6 19. Bxd6 Qxd6 20. Rc6 Qb8 21. a3 Nd5 22. Bc4 Ne7 23. Rc5 Qb6 24. Rh5 Rfb8 25. Rb5 Qd6 26. Rxb8+ Rxb8 1/2-1/2

[Event "Pinneberg-ch"]
[Site "Pinneberg"]
[Date "2008.09.11"]
[Round "3"]
[White "Winter, Markus"]
[Black "Schiller, Thomas"]
[Result "1-0"]
[WhiteElo "1992"]
[BlackElo "1855"]
[PlyCount "39"]
[EventDate "2008.08.28"]
[EventType "swiss"]
[EventRounds "7"]
[EventCountry "GER"]
[SourceTitle "EXT 2011"]
[Source "ChessBase"]
[SourceDate "2010.11.26"]
[SourceVersion "1"]
[SourceVersionDate "2010.11.26"]
[SourceQuality "1"]

1. d4 d5 2. c4 dxc4 3. Nf3 Nf6 4. e3 Bg4 5. Bxc4 e6 6. Qb3 Bxf3 7. gxf3 Nbd7 8. Rg1 Nb6 9. Be2 Qd5 10. Qd3 0-0-0 11. a4 e5 12. a5 Nbd7 13. a6 b6 14. Nc3 Qc6 15. Nb5 Kb8 16. Bd2 e4 17. Qb3 Bd6 18. Rc1 Qa8 19. Nxd6 cxd6 20. Bb4 1-0